Antecedents i descripció de la situació de la Impremta-Escola de l'antiga Casa Provincial de Caritat en el moment de constituir-se la Fundació Pública l'any 1983
Descripción Física:
2 v. ; 32 cm
MARC
| LEADER | 00000nam a2200000Ia 4500 | ||
|---|---|---|---|
| 001 | 10545, 10546 | ||
| 008 | 160829s1985 xx 000 0 cat d | ||
| 080 | |a FOL-1-75 | ||
| 245 | |a Antecedents i descripció de la situació de la Impremta-Escola de l'antiga Casa Provincial de Caritat en el moment de constituir-se la Fundació Pública l'any 1983 | ||
| 260 | |a Barcelona : |b Diputació de Barcelona. Fundació Pública Casa Caritat, |c 1985 | ||
| 300 | |a 2 v. ; |c 32 cm | ||
| 590 | |a Els dos volums van junts en una sola caixa. | ||
| 590 | |a Prové de 3567 | ||
| 650 | |a Casa de Caritat (Barcelona). Impremta Escola |x Història |x 1802/1983 |9 47224 | ||
| 710 | |a Casa de Caritat (Barcelona, Catalunya) |9 52406 | ||
| 710 | |a Casa de Caritat (Barcelona, Catalunya) |9 52406 | ||
| 901 | |a Arxiu | ||
| 942 | |n 1 | ||
| 952 | |0 0 |1 0 |4 0 |6 FOL175 |7 1 |9 53756 |a Arxiu |b Arxiu |d 2016-12-01 |l 0 |o FOL-1-75 |p 10545, 10546 |r 2016-12-01 00:00:00 |w 2016-12-01 |y ARXIU | ||
| 999 | |c 57622 |d 57622 | ||